مكتبة جامعة عجلون الوطنية

فهرس بحث المكتبة

Normal view MARC view
  • Women--Employment--Yemen, South

Entry Topical Term

Number of records used in: 1

001 - CONTROL NUMBER

  • control field: 2907

003 - CONTROL NUMBER IDENTIFIER

  • control field: JO-AjAnu

005 - DATE AND TIME OF LATEST TRANSACTION

  • control field: 20230606070759.0

008 - FIXED-LENGTH DATA ELEMENTS

  • fixed length control field: 230606|| aca||aabn | a|a d

040 ## - CATALOGING SOURCE

  • Original cataloging agency: JO-AjAnu
  • Transcribing agency: JO-AjAnu

150 ## - HEADING--TOPICAL TERM

  • Topical term or geographic name entry element: Women--Employment--Yemen, South

670 ## - SOURCE DATA FOUND

  • Source citation: Work cat.: (JO-AjAnu)1522: Molyneux-Maxine, author 2906, State Policies and Position of women workers in the people's Democratic Republic of yemen,1967-77